000 00908nam a22003011 4500
001 50998
003 BD-RJUL
005 20211209075609.0
008 160829s1954 stka b 001 0 eng c
035 _aBD-RJUL 51118
035 _a(OCoLC)01240867
035 _aGLIS00692509
040 _aDLC/ICU
_cCGU
_dUKM
_dMYG
_beng
041 _aeng
082 _223
_a531
_bPUL 1954
090 _aQA808
_b.P8 1954
099 _aQA808.P8 1954
100 1 _aPurday, Herbert Frank Percy.
_9152596
245 1 0 _aLinear equations in applied mechanics /
_cby H. F. P. Purday.
260 _aEdinburgh :
_bOliver and Boyd ;
_aNew York :
_bInterscience Publishers,
_c1954.
300 _axiv, 240 p. :
_bill. ;
_c22 cm.
504 _aIncludes bibliographical references.
650 0 _aMechanics.
_9152597
650 0 _aEquations.
_9152598
942 _2ddc
_cBK
949 _aMYGE
_b39080009096568
999 _c50998
_d50998